<?xml version="1.0" encoding="UTF-8"?>
<record
    xmlns:xsi="http://www.w3.org/2001/XMLSchema-instance"
    xsi:schemaLocation="http://www.loc.gov/MARC21/slim http://www.loc.gov/standards/marcxml/schema/MARC21slim.xsd"
    xmlns="http://www.loc.gov/MARC21/slim">

  <leader>02078nam a2200289 a 4500</leader>
  <controlfield tag="001">BRCA_8931</controlfield>
  <controlfield tag="005">20190320210448.0</controlfield>
  <controlfield tag="008">290617s1709----sp-#######---#000-0#spa-#</controlfield>
  <datafield tag="041" ind1=" " ind2=" ">
    <subfield code="a">spa</subfield>
  </datafield>
  <datafield tag="044" ind1=" " ind2=" ">
    <subfield code="a">sp</subfield>
  </datafield>
  <datafield tag="084" ind1=" " ind2=" ">
    <subfield code="a">LE21</subfield>
    <subfield code="b">.G37 1709</subfield>
  </datafield>
  <datafield tag="100" ind1="1" ind2=" ">
    <subfield code="a">Garau, Francisco</subfield>
    <subfield code="9">21861</subfield>
  </datafield>
  <datafield tag="245" ind1="1" ind2="0">
    <subfield code="a">El sabio instruido en varias m&#xE1;ximas o ideas evang&#xE9;licas, pol&#xED;ticas, y morales</subfield>
    <subfield code="b">a&#xF1;adidas en esta ultima impresi&#xF3;n por el mismo autor, con sus &#xED;ndices muy copiosos, y variedad de asuntos predicables, para todos los Evangelicos del a&#xF1;o, dedicadas al amante de Christo, pasmo de las gentes, San Antonio de Padua</subfield>
    <subfield code="c">por el R.P. Francisco Garau; tomo primero.</subfield>
  </datafield>
  <datafield tag="260" ind1=" " ind2=" ">
    <subfield code="a">Madrid</subfield>
    <subfield code="b">por Antonio Gonz&#xE1;lez de Reyes</subfield>
    <subfield code="c">1709</subfield>
  </datafield>
  <datafield tag="300" ind1=" " ind2=" ">
    <subfield code="a">[10], 406 p. (t.1)</subfield>
    <subfield code="c">21.1 x 15.3 cm.</subfield>
  </datafield>
  <datafield tag="500" ind1=" " ind2=" ">
    <subfield code="a">Con privilegio</subfield>
  </datafield>
  <datafield tag="500" ind1=" " ind2=" ">
    <subfield code="a">Estado f&#xED;sico: presenta encuadernaci&#xF3;n en pergamino y cintas rotas</subfield>
  </datafield>
  <datafield tag="500" ind1=" " ind2=" ">
    <subfield code="a">En portada: A costa de Francisco Laso; Mercader de Libros, enfrente de lo&#xBF;as Gradas de S. Felipe</subfield>
  </datafield>
  <datafield tag="500" ind1=" " ind2=" ">
    <subfield code="a">Con marca de fuego: &#x201C;Procedencia de la marca: Convento de San Francisco de Quer&#xE9;taro(1). Instituci&#xF3;n: Orden de Frailes Menores. Provincia de San Pedro y San Pablo de Michoac&#xE1;n. Descripci&#xF3;n: Tres iniciales separadas: &#xB4;C&#xB4;, &#xB4;S&#xB4; y &#xB4;Q&#xB4; en cuya silueta se agreg&#xF3; el resto del texto: C[onvento] S[an Francisco] Q[uer&#xE9;taro]. Luego el escudo franciscano de las 5 llagas inscrito en un c&#xED;rculo formado del cord&#xF3;n franciscano. Observaciones: Rafael Sala, Carlos Krausse y David Saavedra Vega la catalogan como perteneciente al Convento de San Francisco de Quer&#xE9;taro. Ubicaci&#xF3;n de la marca en el libro: Canto superior, inferior y fronta&#x201D;</subfield>
  </datafield>
  <datafield tag="650" ind1="1" ind2="4">
    <subfield code="a">Gracia (Teolog&#xED;a)</subfield>
    <subfield code="y">Obras anteriores a 1800</subfield>
    <subfield code="9">21862</subfield>
  </datafield>
  <datafield tag="650" ind1="1" ind2="4">
    <subfield code="a">M&#xE1;ximas</subfield>
    <subfield code="y">Obras anteriores a 1800</subfield>
    <subfield code="9">21863</subfield>
  </datafield>
  <datafield tag="700" ind1="1" ind2=" ">
    <subfield code="a">Laso, Francisco</subfield>
    <subfield code="e">mercader de libros</subfield>
    <subfield code="9">22198</subfield>
  </datafield>
  <datafield tag="700" ind1="1" ind2=" ">
    <subfield code="a">Gonz&#xE1;lez de Reyes, Antonio</subfield>
    <subfield code="e">Impresor</subfield>
    <subfield code="9">22199</subfield>
  </datafield>
  <datafield tag="856" ind1=" " ind2=" ">
    <subfield code="a">http://www.marcasdefuego.buap.mx:8180/xmLibris/projects/firebrand/item.jsp?repository=marcas_de_fuego&amp;key=d6defe3d.xml&amp;num=14</subfield>
  </datafield>
  <datafield tag="902" ind1=" " ind2=" ">
    <subfield code="a">CFM</subfield>
  </datafield>
  <datafield tag="942" ind1=" " ind2=" ">
    <subfield code="2">lcc</subfield>
    <subfield code="c">B</subfield>
  </datafield>
  <datafield tag="999" ind1=" " ind2=" ">
    <subfield code="c">8582</subfield>
    <subfield code="d">8582</subfield>
  </datafield>
  <datafield tag="952" ind1=" " ind2=" ">
    <subfield code="0">0</subfield>
    <subfield code="1">0</subfield>
    <subfield code="4">0</subfield>
    <subfield code="7">0</subfield>
    <subfield code="a">BRCA</subfield>
    <subfield code="b">BRCA</subfield>
    <subfield code="d">2017-06-29</subfield>
    <subfield code="l">0</subfield>
    <subfield code="o">LE21 .G37 1709</subfield>
    <subfield code="p">CFM00254</subfield>
    <subfield code="r">2019-03-22 00:00:00</subfield>
    <subfield code="w">2019-03-22</subfield>
    <subfield code="y">B</subfield>
  </datafield>
</record>
